000 00852nam a2200277Ia 4500
001 Para_104
003 CHAP
008 220125s1989 xx 000 0 und d
010 _a198828
040 _cCHAP
090 _aPA FOLLETO 3071
100 _aRamos Velasquez, Ruben
_9164133
245 _aGuía para producir durazno en el Valle de Mexicali /
_c por Ruben Ramos Velasquez
260 _aMexicali, B.C. :
_b INIFAP. Campo Experimental Valle de Mexicali
300 _a18 p.
410 _aFolleto para productores; 19
650 _aDurazno
_xCalifornia
_9164134
710 _aI. INIFAP. México. Campo Experimental Valle de Méxicali
_9163948
901 _aPA FOLLETO 3071
902 _aA
905 _a0000001989 a 0000000000 00
910 _a1989
942 _cPARA
942 _cPARA
_d1
999 _c198828
_d198828